[Event "CZE-chT 2223"]
[Site "Czech Republic"]
[Date "2023.03.24"]
[Round "9.3"]
[White "Sprenar, Petr"]
[Black "Vedral, Oldrich"]
[Result "0-1"]
[WhiteElo "2282"]
[BlackElo "2264"]
[PlyCount "88"]
[EventDate "2022.10.15"]
[EventType "team-tourn"]
[EventRounds "11"]
[EventCountry "CZE"]
[SourceTitle "CBM 213 Extra"]
[Source "ChessBase"]
[SourceDate "2023.05.31"]
[SourceVersion "1"]
[SourceVersionDate "2023.05.31"]
[SourceQuality "1"]
[WhiteTeam "Ingem Line"]
[BlackTeam "Oaza Loznice.cz"]
[WhiteTeamCountry "CZE"]
[BlackTeamCountry "CZE"]

1. d4 Nf6 2. Nf3 g6 3. g3 Bg7 4. Bg2 0-0 5. 0-0 d6 6. b3 Nc6 7. Bb2 Ne4 8. c4 f5 9. Nbd2 e6 10. e3 Bd7 11. Nxe4 fxe4 12. Nd2 d5 13. f3 exf3 14. Nxf3 Bh6 15. Qe2 Qe7 16. e4 dxc4 17. Qxc4 Qb4 18. Bh3 Qxc4 19. bxc4 Bg7 20. e5 Rae8 21. Ng5 Rxf1+ 22. Rxf1 Nd8 23. Ne4 Bc6 24. Nf6+ Bxf6 25. Rxf6 Be4 26. Rf1 Rf8 27. Rd1 c6 28. Ba3 Rf7 29. Bd6 Bf5 30. Bg2 Rd7 31. Kf2 Nf7 32. c5 h5 33. Ke3 Nh6 34. h3 g5 35. Rf1 Rf7 36. Bb8 a6 37. Rf2 g4 38. h4 Bb1 39. Rb2 Bg6 40. Be4 Bxe4 41. Kxe4 Rf3 42. Rb3 Rxb3 43. axb3 Nf5 44. Kf4 Kf7 0-1

[Event "CZE-chT2C 1920"]
[Site "Czech Republic"]
[Date "2020.06.27"]
[Round "10.3"]
[White "Vedral, Oldrich"]
[Black "Kucera, Petr3333"]
[Result "0-1"]
[WhiteElo "2254"]
[BlackElo "2176"]
[PlyCount "66"]
[EventDate "2019.10.13"]
[EventType "team-tourn"]
[EventRounds "11"]
[EventCountry "CZE"]
[SourceTitle "EXT 2024"]
[Source "ChessBase"]
[SourceDate "2023.10.10"]
[SourceVersion "1"]
[SourceVersionDate "2023.10.10"]
[SourceQuality "1"]
[WhiteTeam "Praha Oaza II"]
[BlackTeam "Liberec Desko"]
[WhiteTeamCountry "CZE"]
[BlackTeamCountry "CZE"]

1. e4 c6 2. d4 d5 3. Nc3 dxe4 4. Nxe4 Bf5 5. Ng3 Bg6 6. h4 h6 7. h5 Bh7 8. Nf3 Nd7 9. Bd3 Bxd3 10. Qxd3 e6 11. Bd2 Ngf6 12. 0-0-0 Be7 13. Kb1 0-0 14. Ne4 Nxe4 15. Qxe4 Nf6 16. Qe2 Qd5 17. Ne5 Qe4 18. Qxe4 Nxe4 19. Be1 Rfd8 20. f3 Nf6 21. Ba5 Rd5 22. Bc7 c5 23. c4 Rxd4 24. Ba5 Bd6 25. Nd3 Rxc4 26. b3 Rd4 27. Bc3 Rd5 28. Nf2 Rxd1+ 29. Rxd1 Nd5 30. Bb2 Rd8 31. g4 Bf4 32. Ne4 b6 33. Rg1 f6 0-1

[Event "CZE-chT1W 1920"]
[Site "Czech Republic"]
[Date "2019.12.08"]
[Round "4.3"]
[White "Bartos, Jan"]
[Black "Vedral, Oldrich"]
[Result "1/2-1/2"]
[WhiteElo "2138"]
[BlackElo "2254"]
[PlyCount "26"]
[EventDate "2019.10.20"]
[EventType "team-tourn"]
[EventRounds "11"]
[EventCountry "CZE"]
[SourceTitle "CBM 193 Extra"]
[Source "ChessBase"]
[SourceDate "2020.01.31"]
[SourceVersion "1"]
[SourceVersionDate "2020.01.31"]
[SourceQuality "1"]
[WhiteTeam "Unichess"]
[BlackTeam "Praha Oaza"]
[WhiteTeamCountry "CZE"]
[BlackTeamCountry "CZE"]

1. d4 Nf6 2. Nf3 g6 3. c4 Bg7 4. Nc3 0-0 5. e4 d6 6. Be2 e5 7. 0-0 Nc6 8. dxe5 dxe5 9. Bg5 h6 10. Qxd8 Rxd8 11. Bxf6 Bxf6 12. Nd5 Rb8 13. Nxc7 Bg4 1/2-1/2

[Event "CZE-chT1W 1920"]
[Site "Czech Republic"]
[Date "2019.11.24"]
[Round "3.4"]
[White "Vedral, Oldrich"]
[Black "Gloser, David"]
[Result "1/2-1/2"]
[WhiteElo "2254"]
[BlackElo "1998"]
[PlyCount "65"]
[EventDate "2019.10.20"]
[EventType "team-tourn"]
[EventRounds "11"]
[EventCountry "CZE"]
[SourceTitle "CBM 193 Extra"]
[Source "ChessBase"]
[SourceDate "2020.01.31"]
[SourceVersion "1"]
[SourceVersionDate "2020.01.31"]
[SourceQuality "1"]
[WhiteTeam "Praha Oaza"]
[BlackTeam "Polabiny II"]
[WhiteTeamCountry "CZE"]
[BlackTeamCountry "CZE"]

1. e4 c5 2. Nf3 Nc6 3. d4 cxd4 4. Nxd4 d5 5. Nxc6 bxc6 6. exd5 Qxd5 7. Qxd5 cxd5 8. Nc3 e6 9. Be3 Bb4 10. 0-0-0 Bxc3 11. bxc3 Nf6 12. c4 Ba6 13. cxd5 Bxf1 14. Rhxf1 Nxd5 15. Bc5 Rc8 16. Bxa7 0-0 17. a3 Ra8 18. Bc5 Rfc8 19. Bb4 Nxb4 20. axb4 Ra4 21. c3 Rxb4 22. Rd3 Rbc4 23. Kd2 Kf8 24. Ra1 R8c7 25. Ra8+ Ke7 26. Rh8 Rf4 27. Ke3 Rh4 28. h3 h6 29. Rb8 Rhc4 30. Kd2 Ra4 31. Rb2 Rf4 32. f3 Ra4 33. Ke3 1/2-1/2

[Event "Klatovy op 27th"]
[Site "Klatovy"]
[Date "2019.07.07"]
[Round "9"]
[White "Vedral, Oldrich"]
[Black "Hausner, Ivan"]
[Result "0-1"]
[WhiteElo "2250"]
[BlackElo "2370"]
[PlyCount "90"]
[EventDate "2019.06.29"]
[EventType "swiss"]
[EventRounds "9"]
[EventCountry "CZE"]
[SourceTitle "EXT 2020"]
[Source "ChessBase"]
[SourceDate "2019.10.17"]
[SourceVersion "1"]
[SourceVersionDate "2019.10.17"]
[SourceQuality "1"]

1. e4 c5 2. Nf3 d6 3. d4 cxd4 4. Nxd4 Nf6 5. Nc3 Nc6 6. Bc4 e6 7. Be3 Be7 8. Qe2 a6 9. 0-0-0 0-0 10. g4 Nxd4 11. Bxd4 b5 12. Bb3 Nd7 13. f4 Qc7 14. f5 Nc5 15. e5 b4 16. f6 bxc3 17. Qe3 Re8 18. fxe7 Nxb3+ 19. axb3 cxb2+ 20. Kxb2 dxe5 21. Bc5 Bb7 22. Rhf1 Rac8 23. b4 Bd5 24. Rd2 a5 25. c3 axb4 26. cxb4 Rxe7 27. Bxe7 Qxe7 28. Qb6 h6 29. Rc2 Rf8 30. Rfc1 e4 31. Rc8 Qf6+ 32. Kb1 Rxc8 33. Rxc8+ Kh7 34. Qe3 Qf1+ 35. Kb2 Qg2+ 36. Rc2 Qxg4 37. b5 f5 38. b6 f4 39. Qd4 e3 40. h3 Qf3 41. Rc7 Qg2+ 42. Kc3 e5 43. Qd3+ Be4 44. Qd7 e2 45. Kd2 f3 0-1

[Event "Klatovy op 27th"]
[Site "Klatovy"]
[Date "2019.07.05"]
[Round "7"]
[White "Krivanek, Vladimir"]
[Black "Vedral, Oldrich"]
[Result "0-1"]
[WhiteElo "2166"]
[BlackElo "2250"]
[PlyCount "98"]
[EventDate "2019.06.29"]
[EventType "swiss"]
[EventRounds "9"]
[EventCountry "CZE"]
[SourceTitle "EXT 2020"]
[Source "ChessBase"]
[SourceDate "2019.10.17"]
[SourceVersion "1"]
[SourceVersionDate "2019.10.17"]
[SourceQuality "1"]

1. d4 Nf6 2. Nf3 g6 3. g3 Bg7 4. Bg2 0-0 5. 0-0 d5 6. c4 c6 7. b3 dxc4 8. bxc4 c5 9. Bb2 cxd4 10. Nxd4 Qc7 11. Nb5 Qb6 12. N1c3 Nc6 13. Nd5 Nxd5 14. Bxg7 Ne3 15. Qb3 Kxg7 16. fxe3 f6 17. h3 Qc5 18. Nd4 Nxd4 19. exd4 Qxd4+ 20. Kh2 Qe5 21. Rac1 Rd8 22. Rf4 Qc7 23. c5 a5 24. c6 bxc6 25. Rxc6 Qd7 26. e3 Ra6 27. Rd4 Qe8 28. Rc7 Rxd4 29. exd4 Bd7 30. Bd5 Rd6 31. Qc4 Rb6 32. Qc3 Qd8 33. a3 Rd6 34. Bg2 a4 35. Ra7 Qb6 36. Qc5 Qb2 37. d5 Qe2 38. Rb7 Bxh3 39. Rxe7+ Qxe7 40. Bxh3 Qe2+ 41. Bg2 Qe7 42. Qb4 Qd7 43. Qd4 h5 44. Qb4 g5 45. Be4 Qc7 46. Qxa4 h4 47. Kg2 Rb6 48. gxh4 Rb2+ 49. Kf3 Qf4# 0-1

[Event "Klatovy op 27th"]
[Site "Klatovy"]
[Date "2019.06.30"]
[Round "2"]
[White "Brejnik, Gustav"]
[Black "Vedral, Oldrich"]
[Result "1-0"]
[WhiteElo "2114"]
[BlackElo "2250"]
[PlyCount "61"]
[EventDate "2019.06.29"]
[EventType "swiss"]
[EventRounds "9"]
[EventCountry "CZE"]
[SourceTitle "EXT 2020"]
[Source "ChessBase"]
[SourceDate "2019.10.17"]
[SourceVersion "1"]
[SourceVersionDate "2019.10.17"]
[SourceQuality "1"]

1. d4 Nf6 2. c4 g6 3. g3 Bg7 4. Bg2 0-0 5. Nc3 d6 6. Nf3 c6 7. 0-0 a6 8. a4 a5 9. h3 Na6 10. e4 Nd7 11. Be3 e5 12. Qd2 exd4 13. Nxd4 Ne5 14. b3 c5 15. Ndb5 Bxh3 16. f4 Bxg2 17. Kxg2 Nc6 18. Rad1 Nc7 19. Qxd6 Nxb5 20. Nxb5 Qc8 21. Qd7 b6 22. Rd6 Qxd7 23. Rxd7 Rad8 24. Rfd1 Bf6 25. e5 Be7 26. R1d5 f6 27. Rc7 Rc8 28. Rdd7 Rfe8 29. exf6 Bxf6 30. Nd6 Rxe3 31. Rxc8+ 1-0

[Event "CZE-chT1W 1819"]
[Site "Czech Republic"]
[Date "2019.03.24"]
[Round "10.7"]
[White "Fencl, Pavel"]
[Black "Vedral, Oldrich"]
[Result "0-1"]
[WhiteElo "2030"]
[BlackElo "2180"]
[PlyCount "64"]
[EventDate "2018.10.21"]
[EventType "team-tourn"]
[EventRounds "11"]
[EventCountry "CZE"]
[SourceTitle "CBM 189 Extra"]
[Source "ChessBase"]
[SourceDate "2019.06.03"]
[SourceVersion "1"]
[SourceVersionDate "2019.06.03"]
[SourceQuality "1"]
[WhiteTeam "Lysa nad Labem III"]
[BlackTeam "Praha Oaza"]
[WhiteTeamCountry "CZE"]
[BlackTeamCountry "CZE"]

1. c4 e5 2. Nc3 Nc6 3. g3 g6 4. Bg2 Bg7 5. d3 f5 6. Nf3 Nf6 7. Bg5 h6 8. Bxf6 Bxf6 9. Nd5 0-0 10. Nxf6+ Qxf6 11. Nd2 d6 12. 0-0 g5 13. Rb1 a5 14. a3 a4 15. e3 Ne7 16. b4 axb3 17. Qxb3 Kg7 18. c5 d5 19. Bxd5 Nxd5 20. Qxd5 Rxa3 21. Nc4 Be6 22. Qxe5 Rxd3 23. Qxf6+ Kxf6 24. Na5 Bd5 25. Nxb7 Rb8 26. c6 Bxc6 27. Nc5 Rxb1 28. Nxd3 Rxf1+ 29. Kxf1 Bb5 30. Ke2 g4 31. Kd2 Bxd3 32. Kxd3 Ke5 0-1

[Event "CZE-chT1W 1819"]
[Site "Czech Republic"]
[Date "2019.01.20"]
[Round "6.7"]
[White "Forman, Stepan"]
[Black "Vedral, Oldrich"]
[Result "0-1"]
[WhiteElo "2274"]
[BlackElo "2180"]
[PlyCount "104"]
[EventDate "2018.10.21"]
[EventType "team-tourn"]
[EventRounds "11"]
[EventCountry "CZE"]
[SourceTitle "CBM 188 Extra"]
[Source "ChessBase"]
[SourceDate "2019.02.26"]
[SourceVersion "1"]
[SourceVersionDate "2019.02.26"]
[SourceQuality "1"]
[WhiteTeam "Neratovice"]
[BlackTeam "Praha Oaza"]
[WhiteTeamCountry "CZE"]
[BlackTeamCountry "CZE"]

1. d4 Nf6 2. Bg5 g6 3. Bxf6 exf6 4. e3 Bg7 5. g3 0-0 6. Bg2 d5 7. Nd2 c6 8. Ne2 f5 9. c4 dxc4 10. Nxc4 Be6 11. Qc2 Bd5 12. 0-0 Bxg2 13. Kxg2 Na6 14. Rfd1 Nb4 15. Qb3 Qe7 16. Nc3 Rfd8 17. a3 Nd5 18. Na5 Nxc3 19. Qxc3 c5 20. Nb3 Rac8 21. Rac1 Qe6 22. Qc4 cxd4 23. Qxe6 fxe6 24. Rxc8 Rxc8 25. Nxd4 Rd8 26. Rc1 Rd7 27. Nxe6 Bxb2 28. Rc8+ Kf7 29. Nc5 Re7 30. a4 Be5 31. Ra8 b6 32. Nb3 Ke6 33. Rd8 Rd7 34. Rxd7 Kxd7 35. Kf3 Kc6 36. Ke2 b5 37. axb5+ Kxb5 38. Kd3 Kb4 39. Kc2 a5 40. Nxa5 Kxa5 41. f4 Bf6 42. Kd3 Kb5 43. e4 fxe4+ 44. Kxe4 Kc6 45. h4 Kd6 46. h5 Ba1 47. g4 Bb2 48. Kf3 Kd5 49. Ke3 Bc1+ 50. Kf3 Bd2 51. g5 Ke6 52. Kg4 Bc1 0-1

[Event "Klatovy op-A 24th"]
[Site "Klatovy"]
[Date "2018.07.08"]
[Round "9"]
[White "Hurdzan, Tomas"]
[Black "Vedral, Oldrich"]
[Result "1-0"]
[WhiteElo "2164"]
[BlackElo "2203"]
[PlyCount "73"]
[EventDate "2018.06.30"]
[EventType "swiss"]
[EventRounds "9"]
[EventCountry "CZE"]
[SourceTitle "EXT 2019"]
[Source "ChessBase"]
[SourceDate "2018.10.10"]
[SourceVersion "1"]
[SourceVersionDate "2018.10.10"]
[SourceQuality "1"]

1. e4 e5 2. Nf3 Nc6 3. Bc4 Nf6 4. d3 Bc5 5. 0-0 d6 6. c3 a6 7. a4 Ba7 8. Nbd2 0-0 9. b4 Ne7 10. Bb3 Ng6 11. Nc4 c6 12. Re1 Ng4 13. Ra2 Kh8 14. h3 Nh6 15. d4 exd4 16. Nxd4 d5 17. exd5 cxd5 18. Ne5 Nxe5 19. Rxe5 Qc7 20. Qe1 Bxd4 21. cxd4 Nf5 22. Rc2 Qb6 23. Rxc8 Raxc8 24. Rxf5 Qxd4 25. Rf3 Rfe8 26. Be3 Qd3 27. Qd1 Qxd1+ 28. Bxd1 Rc4 29. Rxf7 Rxb4 30. Rd7 d4 31. Bxd4 Rb1 32. Bc3 Rc1 33. Be5 Kg8 34. f4 g5 35. Kh2 gxf4 36. Bb3+ Kf8 37. Bg7# 1-0

[Event "Klatovy op-A 24th"]
[Site "Klatovy"]
[Date "2018.07.07"]
[Round "8"]
[White "Vedral, Oldrich"]
[Black "Bartos, Jan"]
[Result "1-0"]
[WhiteElo "2203"]
[BlackElo "2153"]
[PlyCount "99"]
[EventDate "2018.06.30"]
[EventType "swiss"]
[EventRounds "9"]
[EventCountry "CZE"]
[SourceTitle "EXT 2019"]
[Source "ChessBase"]
[SourceDate "2018.10.10"]
[SourceVersion "1"]
[SourceVersionDate "2018.10.10"]
[SourceQuality "1"]

1. e4 e6 2. d4 d5 3. Nc3 Bb4 4. e5 c5 5. Bd2 Ne7 6. Nb5 Bxd2+ 7. Qxd2 0-0 8. f4 a6 9. Nd6 cxd4 10. Nf3 Nbc6 11. Bd3 f6 12. 0-0 Qb6 13. a3 Bd7 14. Qe1 Na7 15. Qb4 Qxb4 16. axb4 Rab8 17. Nxd4 Nec6 18. Nxc6 Nxc6 19. exf6 gxf6 20. c3 Nd8 21. Rf3 Nf7 22. Rg3+ Kh8 23. Rh3 f5 24. Nxf7+ Rxf7 25. Kf2 Rg7 26. Rg3 Rxg3 27. Kxg3 Kg7 28. Kf2 Kf6 29. Re1 Rg8 30. g3 Rg6 31. h3 Rh6 32. Bf1 Rg6 33. b3 Rg8 34. Be2 Rc8 35. c4 dxc4 36. bxc4 Bc6 37. Rc1 Ke7 38. c5 Be4 39. Ra1 Rd8 40. Ke3 Bc6 41. Rd1 Rg8 42. g4 h6 43. Rd6 Bd5 44. gxf5 Rg3+ 45. Kd4 Rxh3 46. fxe6 Bxe6 47. Bxa6 Rh1 48. Bxb7 Rd1+ 49. Ke5 Re1+ 50. Be4 1-0

[Event "Klatovy op-A 24th"]
[Site "Klatovy"]
[Date "2018.07.02"]
[Round "3"]
[White "Molkanov, Oleg"]
[Black "Vedral, Oldrich"]
[Result "1-0"]
[WhiteElo "2051"]
[BlackElo "2203"]
[PlyCount "85"]
[EventDate "2018.06.30"]
[EventType "swiss"]
[EventRounds "9"]
[EventCountry "CZE"]
[SourceTitle "CBM 185 Extra"]
[Source "ChessBase"]
[SourceDate "2018.07.29"]
[SourceVersion "1"]
[SourceVersionDate "2018.07.29"]
[SourceQuality "1"]

1. d4 Nf6 2. Nf3 g6 3. c4 Bg7 4. Nc3 0-0 5. e4 d6 6. Be2 e5 7. d5 Nbd7 8. Be3 a5 9. Nd2 Ne8 10. 0-0 f5 11. exf5 gxf5 12. f4 Nef6 13. Qc2 Ng4 14. Bxg4 fxg4 15. f5 Nf6 16. Bg5 Qe8 17. Nb5 Qh5 18. Nxc7 Qxg5 19. Nxa8 g3 20. Qd3 gxh2+ 21. Kh1 Nh5 22. Ne4 Qd8 23. g4 Nf4 24. Qe3 h5 25. Nb6 hxg4 26. Nxc8 Qxc8 27. Nxd6 Qd8 28. Rxf4 exf4 29. Qe6+ Kh8 30. Nf7+ Rxf7 31. Qxf7 g3 32. Qh5+ Kg8 33. Re1 Qb6 34. Re8+ Bf8 35. c5 Qxb2 36. Qg6+ Qg7 37. Qxg7+ Kxg7 38. Rxf8 Kxf8 39. c6 b6 40. d6 Ke8 41. c7 Kd7 42. f6 f3 43. f7 1-0

[Event "Klatovy op-A 24th"]
[Site "Klatovy"]
[Date "2018.06.30"]
[Round "1"]
[White "Kunc, Jan"]
[Black "Vedral, Oldrich"]
[Result "0-1"]
[WhiteElo "1947"]
[BlackElo "2203"]
[PlyCount "138"]
[EventDate "2018.06.30"]
[EventType "swiss"]
[EventRounds "9"]
[EventCountry "CZE"]
[SourceTitle "CBM 185 Extra"]
[Source "ChessBase"]
[SourceDate "2018.07.29"]
[SourceVersion "1"]
[SourceVersionDate "2018.07.29"]
[SourceQuality "1"]

1. d4 Nf6 2. Bf4 g6 3. Nc3 Bg7 4. e4 d6 5. Qd2 c6 6. Bh6 Bxh6 7. Qxh6 Qa5 8. f3 Nbd7 9. 0-0-0 b5 10. Kb1 b4 11. Nce2 Nb6 12. Nc1 Be6 13. Nb3 Qa4 14. Nh3 Bc4 15. Bd3 Qb5 16. Qg5 Qxg5 17. Nxg5 h6 18. Nh3 a5 19. Nd2 Bxd3 20. cxd3 Kd7 21. Nc4 Rhb8 22. Kc2 Ne8 23. Kd2 Nc7 24. Nf4 Nb5 25. d5 cxd5 26. Nxb6+ Rxb6 27. Nxd5 Rc6 28. Rc1 Rac8 29. Rxc6 Rxc6 30. Rc1 Rxc1 31. Kxc1 h5 32. Kd2 e6 33. Nb6+ Kc6 34. Nc4 a4 35. Ke3 e5 36. f4 f6 37. g3 Kc5 38. Na5 Nd4 39. Nb7+ Kc6 40. Na5+ Kb6 41. Nc4+ Kc5 42. Na5 a3 43. bxa3 bxa3 44. Nc4 Nb5 45. Kd2 exf4 46. gxf4 g5 47. e5 dxe5 48. fxg5 fxg5 49. Nxe5 Kd5 50. Nc4 Kd4 51. Ne3 Ke5 52. Ng2 g4 53. Ke3 Nd4 54. Nh4 Nf5+ 55. Nxf5 Kxf5 56. d4 h4 57. d5 Ke5 58. d6 Kxd6 59. Kf4 Kd5 60. Kxg4 Kd4 61. Kxh4 Kc3 62. Kg5 Kb2 63. h4 Kxa2 64. h5 Kb3 65. h6 a2 66. h7 a1Q 67. Kg6 Qh8 68. Kh6 Kc4 69. Kg6 Kd5 0-1

[Event "CZE-chT1W 1617"]
[Site "Czech Republic"]
[Date "2017.04.09"]
[Round "11.3"]
[White "Krupicka, Josef1111"]
[Black "Vedral, Oldrich"]
[Result "0-1"]
[WhiteElo "2026"]
[BlackElo "2225"]
[PlyCount "80"]
[EventDate "2016.10.16"]
[EventType "team-tourn"]
[EventRounds "11"]
[EventCountry "CZE"]
[SourceTitle "CBM 177 Extra"]
[Source "ChessBase"]
[SourceDate "2017.04.27"]
[SourceVersion "1"]
[SourceVersionDate "2017.04.27"]
[SourceQuality "1"]
[WhiteTeam "Praha Smichov"]
[BlackTeam "Praha Oaza"]
[WhiteTeamCountry "CZE"]
[BlackTeamCountry "CZE"]

1. d4 d5 2. c4 e6 3. Nf3 c6 4. Nc3 Nf6 5. Bg5 h6 6. Bh4 dxc4 7. e4 g5 8. Bg3 b5 9. h4 g4 10. Ne5 b4 11. Na4 h5 12. f3 c3 13. bxc3 bxc3 14. Nxc3 Bb4 15. Rc1 gxf3 16. gxf3 Nfd7 17. Qb3 Bd6 18. f4 Nxe5 19. fxe5 Be7 20. Bf2 Nd7 21. Bc4 Rb8 22. Qd1 c5 23. Bb5 cxd4 24. Qxd4 a6 25. Ba4 Rb4 26. Qd2 Qa5 27. a3 Rb8 28. Rd1 Kf8 29. Bxd7 Bxd7 30. Nb1 Qxd2+ 31. Nxd2 Bb5 32. Rh3 Rc8 33. Nb1 Rg8 34. Nc3 Rg4 35. Kd2 Rd8+ 36. Kc2 Rxd1 37. Kxd1 Bc6 38. Kc2 Rg2 39. Nd1 Ba4+ 40. Kd2 Bxd1 0-1

[Event "CZE-chT1W 1617"]
[Site "Czech Republic"]
[Date "2017.03.26"]
[Round "10.4"]
[White "Vedral, Oldrich"]
[Black "Filipi, Stepan"]
[Result "1/2-1/2"]
[WhiteElo "2225"]
[BlackElo "2200"]
[PlyCount "63"]
[EventDate "2016.10.16"]
[EventType "team-tourn"]
[EventRounds "11"]
[EventCountry "CZE"]
[SourceTitle "CBM 177 Extra"]
[Source "ChessBase"]
[SourceDate "2017.04.27"]
[SourceVersion "1"]
[SourceVersionDate "2017.04.27"]
[SourceQuality "1"]
[WhiteTeam "Praha Oaza"]
[BlackTeam "Vysehrad"]
[WhiteTeamCountry "CZE"]
[BlackTeamCountry "CZE"]

1. c4 e5 2. Nc3 Nf6 3. g3 d5 4. cxd5 Nxd5 5. Bg2 Be6 6. Nf3 Nc6 7. 0-0 Be7 8. d4 exd4 9. Nxd4 Nxd4 10. Qxd4 Nxc3 11. Qxc3 Bf6 12. Qb4 Rb8 13. Be3 Be7 14. Qa4+ c6 15. Qxa7 Qc8 16. Qb6 0-0 17. Bd4 Ra8 18. Bc3 Rxa2 19. Rxa2 Bxa2 20. e4 Qd7 21. Ra1 Bc4 22. h3 Bd8 23. Qc5 Be6 24. Kh2 b6 25. Qe3 c5 26. f4 Re8 27. Qf3 b5 28. f5 Bc4 29. Rd1 Qc7 30. f6 Bxf6 31. Bxf6 gxf6 32. Qxf6 1/2-1/2

[Event "CZE-chT1W 1617"]
[Site "Czech Republic"]
[Date "2016.11.06"]
[Round "2.2"]
[White "Trichkov, Vasil"]
[Black "Vedral, Oldrich"]
[Result "1-0"]
[WhiteElo "2318"]
[BlackElo "2225"]
[PlyCount "109"]
[EventDate "2016.10.16"]
[EventType "team-tourn"]
[EventRounds "11"]
[EventCountry "CZE"]
[SourceTitle "CBM 175 Extra"]
[Source "ChessBase"]
[SourceDate "2016.12.12"]
[SourceVersion "1"]
[SourceVersionDate "2016.12.12"]
[SourceQuality "1"]
[WhiteTeam "Praha Grop"]
[BlackTeam "Praha Oaza"]
[WhiteTeamCountry "CZE"]
[BlackTeamCountry "CZE"]

1. d4 d5 2. Nf3 Nf6 3. c4 e6 4. g3 dxc4 5. Qa4+ Bd7 6. Qxc4 Bc6 7. Bg2 Bd5 8. Qd3 Nc6 9. Nc3 Bb4 10. 0-0 Bxc3 11. bxc3 Be4 12. Qb5 0-0 13. Bg5 a6 14. Qb2 Rb8 15. a4 Na5 16. Qb4 b6 17. Rfd1 Qd5 18. Bxf6 gxf6 19. Ne1 Bxg2 20. Nxg2 Nc6 21. Qb2 Rfd8 22. Qc1 Qg5 23. Qc2 Ne7 24. Qd3 a5 25. Rab1 Rd7 26. Rb5 Qg6 27. e4 Rbd8 28. Nf4 Qh6 29. Rh5 Qg7 30. Rh3 Kh8 31. Nh5 Qg6 32. Qf3 Ng8 33. Nf4 Qg5 34. Rh5 Qg7 35. Rh4 Qg5 36. Rg4 Qh6 37. Nh5 f5 38. exf5 e5 39. Rh4 Nf6 40. Kg2 e4 41. Qe2 Nd5 42. Qxe4 Re7 43. Qf3 Qc6 44. Rd3 Re1 45. Nf4 Nxf4+ 46. Rxf4 Qxa4 47. Re3 Rxe3 48. fxe3 Qc2+ 49. Kh3 Qxc3 50. Qe4 Rd6 51. Qe5+ Kg8 52. Rg4+ Kf8 53. Qh8+ Ke7 54. Re4+ Kd7 55. Qe8# 1-0

[Event "CZE-chT1W 1617"]
[Site "Czech Republic"]
[Date "2016.10.16"]
[Round "1.5"]
[White "Vedral, Oldrich"]
[Black "Petr, Jan"]
[Result "1-0"]
[WhiteElo "2225"]
[BlackElo "2183"]
[PlyCount "49"]
[EventDate "2016.10.16"]
[EventType "team-tourn"]
[EventRounds "11"]
[EventCountry "CZE"]
[SourceTitle "CBM 175 Extra"]
[Source "ChessBase"]
[SourceDate "2016.12.12"]
[SourceVersion "1"]
[SourceVersionDate "2016.12.12"]
[SourceQuality "1"]
[WhiteTeam "Praha Oaza"]
[BlackTeam "Pankrac"]
[WhiteTeamCountry "CZE"]
[BlackTeamCountry "CZE"]

1. d4 Nf6 2. c4 c5 3. d5 b5 4. cxb5 a6 5. bxa6 e6 6. Nc3 exd5 7. Nxd5 Nxa6 8. Bg5 Be7 9. Nxe7 Qxe7 10. Nf3 Bb7 11. e3 0-0 12. Be2 Bc6 13. 0-0 Rfb8 14. b3 Rd8 15. Qc2 d6 16. a3 h6 17. Bh4 Qe6 18. Nd4 cxd4 19. Qxc6 Rdc8 20. Qf3 g5 21. Bg3 Nc5 22. exd4 Nxb3 23. d5 Qxd5 24. Qxf6 Nxa1 25. Bf3 1-0

[Event "Klatovy op 22nd"]
[Site "Klatovy"]
[Date "2016.07.10"]
[Round "9"]
[White "Taborsky, Rostislav"]
[Black "Vedral, Oldrich"]
[Result "1/2-1/2"]
[WhiteElo "2180"]
[BlackElo "2289"]
[PlyCount "97"]
[EventDate "2016.07.02"]
[EventType "swiss"]
[EventRounds "9"]
[EventCountry "CZE"]
[SourceTitle "CBM 173 Extra"]
[Source "ChessBase"]
[SourceDate "2016.08.29"]
[SourceVersion "1"]
[SourceVersionDate "2016.08.29"]
[SourceQuality "1"]

1. d4 d5 2. c4 e6 3. Nf3 Nf6 4. g3 dxc4 5. Bg2 Bd7 6. Ne5 Bc6 7. Nxc6 Nxc6 8. 0-0 Qd7 9. Nc3 0-0-0 10. Qa4 Nd5 11. Qxc4 Nb6 12. Qd3 Qxd4 13. Qf3 Qf6 14. Qe4 Rd4 15. Qc2 Nb4 16. Qb3 N4d5 17. Nxd5 exd5 18. a3 Qe6 19. Be3 Rc4 20. Rfd1 c6 21. Rac1 Be7 22. Bxb6 axb6 23. Qxb6 Rxc1 24. Rxc1 Kb8 25. e3 h5 26. a4 h4 27. a5 Bd8 28. Qc5 Qe7 29. Qc3 Qf6 30. Qa3 Be7 31. Qb3 Qd6 32. a6 Qb4 33. Qc2 hxg3 34. hxg3 Qb6 35. axb7 Kxb7 36. Qf5 Bf6 37. Qd7+ Qc7 38. Qxc7+ Kxc7 39. Bxd5 Bxb2 40. Rxc6+ Kd7 41. Rb6 Bc3 42. Bxf7 Ke7 43. Bd5 Rd8 44. e4 Rf8 45. Kg2 Rxf2+ 46. Kh3 Rf6 47. Rb7+ Kd6 48. Rb6+ Ke5 49. Rxf6 1/2-1/2